Kenya law reports 1993/ (Record no. 68778)
[ view plain ]
| 000 -LEADER | |
|---|---|
| fixed length control field | 01602cas a2200409 a 4500 |
| 001 - CONTROL NUMBER | |
| control field | 16708821 |
| 003 - CONTROL NUMBER IDENTIFIER | |
| control field | OSt |
| 005 - DATE AND TIME OF LATEST TRANSACTION | |
| control field | 20260204130142.0 |
| 008 - FIXED-LENGTH DATA ELEMENTS--GENERAL INFORMATION | |
| fixed length control field | 110325c20109999ke mr w f0 0eng |
| 020 ## - INTERNATIONAL STANDARD BOOK NUMBER | |
| International Standard Book Number | 9966821031 |
| 035 ## - SYSTEM CONTROL NUMBER | |
| System control number | (OCoLC)708538200 |
| 040 ## - CATALOGING SOURCE | |
| Original cataloging agency | DLC |
| Language of cataloging | eng |
| Transcribing agency | DLC |
| Modifying agency | DLC |
| -- | OCLCF |
| -- | OCL |
| -- | OCLCA |
| -- | OCLCL |
| 042 ## - AUTHENTICATION CODE | |
| Authentication code | pcc |
| 043 ## - GEOGRAPHIC AREA CODE | |
| Geographic area code | f-ke--- |
| 050 00 - LIBRARY OF CONGRESS CALL NUMBER | |
| Classification number | KSK 18.A2 |
| Item number | .K46 2009 |
| 245 00 - TITLE STATEMENT | |
| Title | Kenya law reports 1993/ |
| 260 ## - PUBLICATION, DISTRIBUTION, ETC. (IMPRINT) | |
| Place of publication, distribution, etc | Nairobi, Kenya : |
| Name of publisher, distributor, etc | National Council for Law Reporting, |
| Date of publication, distribution, etc | 2009. |
| 300 ## - PHYSICAL DESCRIPTION | |
| Extent | lxxxii, 829pages; |
| Dimensions | 25 cm. |
| 440 ## - SERIES STATEMENT/ADDED ENTRY--TITLE | |
| Title | Kenya Law Reports |
| 9 (RLIN) | 58990 |
| 500 ## - GENERAL NOTE | |
| General note | These Reports contain decisions of the Court of Appeal of Kenya and the High Court of Kenya. |
| 515 ## - NUMBERING PECULIARITIES NOTE | |
| Numbering peculiarities note | Designated by date only, May 2010; by vol., no., and date, vol. 1, issue 2 (June 2010)-<vol. 1, issue 5 (Nov. 2010)> |
| 650 #0 - SUBJECT ADDED ENTRY--TOPICAL TERM | |
| Topical term or geographic name as entry element | Law reports, digests, etc. |
| Geographic subdivision | Kenya. |
| 9 (RLIN) | 58995 |
| 650 #0 - SUBJECT ADDED ENTRY--TOPICAL TERM | |
| Topical term or geographic name as entry element | Law |
| Geographic subdivision | Kenya |
| Form subdivision | Periodicals. |
| 9 (RLIN) | 58996 |
| 650 #7 - SUBJECT ADDED ENTRY--TOPICAL TERM | |
| Topical term or geographic name as entry element | Law. |
| Source of heading or term | fast |
| 9 (RLIN) | 58997 |
| 650 #7 - SUBJECT ADDED ENTRY--TOPICAL TERM | |
| Topical term or geographic name as entry element | Law reports, digests, etc. |
| Source of heading or term | fast |
| 9 (RLIN) | 58998 |
| 651 #7 - SUBJECT ADDED ENTRY--GEOGRAPHIC NAME | |
| Geographic name | Kenya. |
| Source of heading or term | fast |
| 655 #7 - INDEX TERM--GENRE/FORM | |
| Genre/form data or focus term | Law digests. |
| Source of term | fast |
| 9 (RLIN) | 58986 |
| 655 #7 - INDEX TERM--GENRE/FORM | |
| Genre/form data or focus term | Periodicals. |
| Source of term | fast |
| 9 (RLIN) | 31813 |
| 655 #7 - INDEX TERM--GENRE/FORM | |
| Genre/form data or focus term | Law digests. |
| Source of term | lcgft |
| 9 (RLIN) | 58986 |
| 700 ## - ADDED ENTRY--PERSONAL NAME | |
| Personal name | Gladys Boss Shollei/ |
| Relator term | editor. |
| 9 (RLIN) | 58999 |
| 710 2# - ADDED ENTRY--CORPORATE NAME | |
| Corporate name or jurisdiction name as entry element | National Council for Law Reporting (Kenya) |
| 9 (RLIN) | 59000 |
| 906 ## - LOCAL DATA ELEMENT F, LDF (RLIN) | |
| a | 7 |
| b | cbc |
| c | serorig |
| d | 2 |
| e | ncip |
| f | 20 |
| g | n-oclcserc |
| 942 ## - ADDED ENTRY ELEMENTS (KOHA) | |
| Source of classification or shelving scheme | Library of Congress Classification |
| Koha item type | Books |
| Withdrawn status | Lost status | Source of classification or shelving scheme | Damaged status | Not for loan | Collection code | Home library | Current library | Shelving location | Date acquired | Source of acquisition | Cost, normal purchase price | Total Checkouts | Full call number | Barcode | Date last seen | Copy number | Cost, replacement price | Price effective from | Koha item type |
|---|---|---|---|---|---|---|---|---|---|---|---|---|---|---|---|---|---|---|---|
| Library of Congress Classification | General Circulation | AIU/NEGST - Tony Wilmot Memorial Library | AIU/NEGST - Tony Wilmot Memorial Library | Processing Center | 01/23/2026 | Purchase- National Council for Law Reporting | 23.07 | KSK 18.A2 .K46 2009 | T17554W3232 | 02/03/2026 | 1 | 23.07 | 02/03/2026 | Books |
